01492cam a22003974i 4500003000900000005001700009008004100026035001800067035001800085040003300103082001900136100003100155245004700186264007200233300005800305336002100363337002500384338002300409490006600432505044600498526001000944526001000954526000900964526000900973526000900982526000900991526000901000526000901009526000901018526000801027526000801035526000801043526000801051526000801059651002701067PE-LiUPU20250731165641.0150616s r 000 0 d a(Sirsi) a7166 a(Sirsi) a7166 aPE-LiUPUbspacPE-LiUPUerda04a933.008bA2211 aSwauger, James L.,eautor.14aThe Excavation of Bethel (1934-1960).n39. 1aCambridge, Londres :bAmerican Schools of Oriental Research,c1968. a128 páginas; 120 láms. :bilustraciones ;c26 cm. atext2rdacontent aunmediated2rdamedia avolume2rdacarrier0 aThe Annual of the American Schools of Oriental Research ;v390 aThe Middle Bronze Ages. Bethel in the Late Bronze Age. Bethel in Iron. Bethel in the Persian and Hellenistic Periods. Bethel in the Roman and Byzantine Periods. The History of Bethel. Bethel Pottery in Iron. Bethel Pottery of the Sixth Century. Bethel Pottery of the Late Hellenistic and Early Roman Periods. Bethel Roman and Byzantine Pottery from the Mosque Area, 1954. Bethel Artifacts other than Pottery. Bethel Flints fron Early Canaan. aSEG44 aSEG26 aP151 aP150 aP149 aP146 aP145 aP126 aP125 aP92 aP75 aP74 aP27 aP15 aBethelxArqueología.